Search the Library Catalogue
| 000 -LEADER | |
|---|---|
| fixed length control field | 00617nam a2200193Ia 4500 |
| 008 - FIXED-LENGTH DATA ELEMENTS--GENERAL INFORMATION | |
| fixed length control field | 191130s1993##################000#0#eng## |
| 020 ## - INTERNATIONAL STANDARD BOOK NUMBER | |
| International Standard Book Number | 9780385468459 |
| 040 ## - CATALOGING SOURCE | |
| Original cataloging agency | ACL |
| Transcribing agency | ACL |
| 082 ## - DEWEY DECIMAL CLASSIFICATION NUMBER | |
| Classification number | 190 COP |
| 100 ## - MAIN ENTRY--PERSONAL NAME | |
| Personal name | Copleston, Frederick Charles |
| 245 ## - TITLE STATEMENT | |
| Title | A history of philosophy : late medieval and renaissance philosophy |
| Statement of responsibility, etc. | Frederick Copleston, S. J |
| 260 ## - PUBLICATION, DISTRIBUTION, ETC. | |
| Place of publication, distribution, etc. | New York |
| Name of publisher, distributor, etc. | Image Books |
| Date of publication, distribution, etc. | 1993 |
| 300 ## - PHYSICAL DESCRIPTION | |
| Extent | 479 p. ; 21 cm |
| 500 ## - GENERAL NOTE | |
| General note | Includes bibliographical references (p. 428 - 447) and Index |
| 650 ## - SUBJECT ADDED ENTRY--TOPICAL TERM | |
| Topical term or geographic name entry element | Philosophy |
| 990 ## - EQUIVALENCES OR CROSS-REFERENCES [LOCAL, CANADA] | |
| Link information for 9XX fields | b218b552ac10000c0605897b58558983 |
| 991 ## - | |
| -- | 62146 |
No items available.